Statistiques concernant Surnom équipes de foot Français

Cliquez ici pour prendre le quiz!

Statistiques générales

  • Ce quiz a été pris 130 fois
  • Le résultat moyen est 7 sur 15

Statistiques - réponses

HintRéponse% Correct
Lillesdogues
74%
Saint-étienneverts
73%
LensSang et or
70%
Lorientmerlus
68%
OLgones
62%
BordeauxGirondins
58%
Nantescanaries
57%
NiceAiglons
52%
Niortchamois
47%
OMphocéens
42%
metzgrenats
34%
Sochauxlionceaux
21%
RennesRouge et noir
19%
ToulouseTéfécé
11%
AjaccioGazelec
3%

Distribution des résultats

Percentile par nombre de réponses

% des personnes avec chaque résultat

Votre développement - résultats

Vous n’avez pas pris ce quiz